000 00339nam a2200157Ia 4500
003 0STCL
008 150530s9999 xx 000 0 und d
040 _aSTCL
_cSTCL
100 _aGeorge Herbert Perris; Ed
245 _aEmerson
260 _c1910
546 _aEnglish
942 _2ddc
_cBK
999 _c52217
_d52217
005 20220125170855.0